ბათუმის შოთა რუსთაველის სახელმწიფო უნივერსიტეტის ბიბლიოთეკა

ეთნომენტალობის ენობრივი მარკერები და კულტურული მეხსიერება / (ბიბ.ჩანაწერი № 52150)

000 -ლიდერი
ფიქსირებული სიგრძის საკონტროლო ველი 01470nam a2200241Ia 4500
001 - საკონტროლო ნომერი
საკონტროლო ველი 19157
003 - საკონტროლო ნომრის იდენტიფიკატორი
საკონტროლო ველი GE_BSU
005 - ბოლო ოპერაციის თარიღი და დრო
საკონტროლო ველი 20210405180522.0
008 - ფიქსირებული სიგრძის მონაცემთა ელემენტები - ზოგადი ინფორმაცია
ფიქსირებული სიგრძის საკონტროლო ველი 181216s2016||||ge |||||||||||||| ||geo||
040 ## - კატალოგიზაციის წყარო
Transcribing agency GE_BSU
041 ## - ენის კოდი
Language code of text/sound track or separate title geo
080 ## - უნივერსალური ათობითი კლასიფიკაციის ინდექსი
Universal Decimal Classification number 81 ხ-34
100 ## - მთავარი ჩანაწერი - პიროვნების სახელი
Personal name ხაჯიშვილი, ელენა
9 (RLIN) 11085
245 ## - ცნობა სათაურის შესახებ
Title ეთნომენტალობის ენობრივი მარკერები და კულტურული მეხსიერება /
Statement of responsibility, etc ელენა ხაჯიშვილი; მეცნ. ხელმძღვანელი მ. აროშიძე, თამაზ ფუტკარაძე; ბათუმის შოთა რუსთაველის სახ-ფო უნ-ტი.
264 ## - წარმოების, გამოცემის, დისტრიბუციის და სხვა ცნობები
გამოცემის, წარმოების, დისტრიბუციის... ადგილი ბათუმი :
გამოცემის, წარმოების, დისტრიბუციის... სახელწოდება ბათუმის შოთა რუსთაველის სახ. უნ-ტი,
გამოცემის, წარმოების, დისტრიბუციის... თარიღი 2016.
300 ## - ფიზიკური აღწერა
Extent 176 გვ.,
Other physical details 30 სმ.
653 ## - INDEX TERM--UNCONTROLLED
Uncontrolled term დისერტაცია
653 ## - INDEX TERM--UNCONTROLLED
Uncontrolled term ეთნომენტალობის ენობრივი მარკერები და კულტურული მეხსიერება
653 ## - INDEX TERM--UNCONTROLLED
Uncontrolled term ენათმეცნიერება
700 ## - ADDED ENTRY--PERSONAL NAME
Personal name აროშიძე, მ.
Relator term მეცნ. ხელმძღვანელი
9 (RLIN) 11086
700 ## - ADDED ENTRY--PERSONAL NAME
Personal name ფუტკარაძე, თამაზ
Relator term მეცნ. ხელმძღვანელი
9 (RLIN) 11087
942 ## - ADDED ENTRY ELEMENTS (KOHA)
Koha item type წიგნი
Source of classification or shelving scheme
ეგზემპლარები
ჩამოწერის სტატუსი დაკარგული ეგზემპლარის სტატუსი კლასიფიკაციის წყარო ან თაროზე გაწყობის სქემა დაზიანების სტატუსი არ გაიცემა მუდმივი მდებარეობა (დაცვის ადგილი) ამჟამინდელი ადგილსამყოფელი თაროზე განთავსების ადგილი შეძენის თარიღი სრული შენახვის შიფრი შტრიხკოდი ბოლო ოპერაციის თარიღი ეგზემპლარის მიმდევრობითი ნომერი (კეტერი?) ფასის ძალაში შესვლის თარიღი ეგზემპლარის სახეობა საჯარო შენიშვნა
          ბათუმის შოთა რუსთაველის სახელმწიფო უნივერსიტეტის მთავარი ბიბლიოთეკა ბათუმის შოთა რუსთაველის სახელმწიფო უნივერსიტეტის მთავარი ბიბლიოთეკა წიგნსაცავი 2018-12-17 81 ხ-34 253 დისერტ. 2018-12-17 253 2018-12-17 დისერტაცია